La ONU y El Salvador

Bewaard in:
Bibliografische gegevens
Formaat: Boek
Taal:Spanish
Tags: Voeg label toe
Geen labels, Wees de eerste die dit record labelt!

MARC

LEADER 00000nam a22000007a 4500
003 cru CIDCACS/IIS
005 20170525133902.0
007 ta
008 170525s1987 pe ||||| |||| 00| 0 spa d
040 |c cru CIDCACS/IIS 
245 0 |a La ONU y El Salvador 
300 |a páginas 37-38 
773 0 |0 19374  |9 924  |a Comisión Andina de Juristas  |d Lima, Perú Comisión Andina de Juristas  |o 17657  |t Boletín / 
942 |2 ddc  |c PP 
999 |c 19395  |d 19395